Vista normal
Vista MARC
Entrada Materia (tema)
Número de registros utilizados en: 1
001 - CONTROL NUMBER
- control field: 80344
003 - CONTROL NUMBER IDENTIFIER
- control field: Co-BoUCM
005 - DATE AND TIME OF LATEST TRANSACTION
- control field: 20160921092026.0
008 - FIXED-LENGTH DATA ELEMENTS
- fixed length control field: 160921|| aca||aabn | a|a d
040 ## - CATALOGING SOURCE
- Original cataloging agency: Co-BoUCM
- Transcribing agency: Co-BoUCM
150 ## - HEADING--TOPICAL TERM
- Topical term or geographic name as entry element: Escepticismo
- Form subdivision: Obras anteriores a 1800
670 ## - SOURCE DATA FOUND
- Source citation: Work cat.: (Co-BoUCM)304405: Sexto Empírico 80342, Hipotiposis Pirrónicas, 1996.